000 00392nam a22001697a 4500
003 MPLRDC
005 20220104143434.0
008 210129b ||||| |||| 00| 0 eng d
020 _a962-357-465-7
082 _a411.12 HJL
100 _a黄钧良著
245 _a常见疾病功疗法
_c
260 _a
_b明窗出版社
_c1992
300 _b
650 _a
942 _cBK
_o411.12 HJL
999 _c39916
_d39906